| 000 | 00855pam a2200229 a 4500 | ||
|---|---|---|---|
| 001 | 2943922 | ||
| 005 | 20250329112909.0 | ||
| 008 | 900424s1990 caua b 000 0 eng | ||
| 020 | _a0830714499 | ||
| 020 | _a9780830714278 | ||
| 050 | 0 | 0 |
_aBR526 _b.B36 1990 |
| 082 | 0 | 0 |
_a260/.1/12 _220 |
| 100 | 1 | _aBarna, George. | |
| 245 | 1 | 4 |
_aThe frog in the kettle : _bwhat Christians need to know about life in the year 2000 / _cGeorge Barna. |
| 260 |
_aVentura, Calif., U.S.A. : _bRegal Books, _cc1990. |
||
| 300 |
_a235 p. : _bill. ; _c24 cm. |
||
| 500 | _aSubtitle: What the future will be like, how the "new values" will affect the church, how Christians need to respond to the changing environment. | ||
| 650 | 0 |
_aChristianity _zUnited States. |
|
| 650 | 0 |
_aTwenty-first century _xForecasts. |
|
| 650 | 0 |
_aChurch growth _zUnited States. |
|
| 942 |
_2lcc _cBK _n0 |
||
| 999 |
_c5334 _d5334 |
||